| 000 | 00690nam a22002531 4500 | ||
|---|---|---|---|
| 001 | 18375 | ||
| 003 | BD-RjUL | ||
| 005 | 20211209000257.0 | ||
| 008 | 140220s1968 enk 001 0 eng | ||
| 020 | _a0701113219 | ||
| 035 | _a(BD-RjUL)18433 | ||
| 040 |
_aDLC _cDLC _dDLC _beng |
||
| 041 | _aeng | ||
| 082 | 0 | 0 |
_a821.3 _bWIM 1968 |
| 245 | 1 | 4 |
_aThe master-mistress: _ba study of Shakespeare's sonnets / _cJames Winny |
| 260 |
_aLondon : _bChatto & Windus, _c1968. |
||
| 300 |
_a[7], 216 p. ; _c23 cm. |
||
| 350 | _a25/- | ||
| 504 | _aIncludes index | ||
| 600 | 1 | 0 |
_aShakespeare, William, _d1564-1616. _956596 |
| 942 |
_2ddc _cBK |
||
| 999 |
_c18375 _d18375 |
||